De l'etat de fille a l'etat de mere : journal de travail

Αποθηκεύτηκε σε:
Λεπτομέρειες βιβλιογραφικής εγγραφής
Κύριος συγγραφέας: Fellous, Michele
Μορφή: Βιβλίο
Γλώσσα:French
Δημοσίευση: Paris : Meridiens Klincksieck, 1988
Σειρά:Collection "Reponses sociologiques"
Θέματα:
Ετικέτες: Προσθήκη ετικέτας
Δεν υπάρχουν, Καταχωρήστε ετικέτα πρώτοι!

MARC

LEADER 00000nam a2200000 i 4500
001 1/104536
008 950602s1988 fre d
020 |a 2-86563-192-3 
035 |l 10013295 
040 |a GR-MY-UA  |b gre  |e aacr 
041 0 |a fre 
082 0 |a 363.960944 
100 1 |a Fellous, Michele. 
245 1 3 |a De l'etat de fille a l'etat de mere :  |b journal de travail /  |c Michele Fellous 
260 |a Paris :   |b Meridiens Klincksieck,   |c 1988 
300 |a 230 p.;  |c 21 cm 
490 1 |a Collection "Reponses sociologiques" 
500 |a Ouvrage publie avec le concours du Centre National des Lettres 
504 |a Includes bibliographical references 
650 0 0 |a Birth control  |z France. 
650 0 0 |a Abortion  |z France. 
650 0 0 |a Women immigrants  |z France. 
830 0 |a Collection "Reponses sociologiques" 
852 |a INST  |b LESVOS  |e 19950602  |h 363.960944 FEL  |p 005100000282  |q 005100000282  |t BK  |y 0 
909 |a Λ  |b 015310